00000000nam##2200000za#4500
0019.588027
003CaOODSP
00520210624194924
007cr |||||||||||
008150406|2007||||xxc|||||o    f|0| 0 eng|d
022 |a1701-1280
040 |aCaOODSP|beng
041 |aeng
041 |afre
043 |an-cn---
0861 |aFs70-4/2006-048-PDF
1101 |aCanada. |bDepartment of Fisheries and Oceans.
24510|aThird meeting of the Canadian Eel Science Working Group : |h[electronic resource]|b13-14 October 2005, Quebec City / |c[by] David Cairns and John Casselman.
260 |aCharlottetown - Prince Edward Island : |bFisheries and Oceans Canada |cMarch 2007.
300 |a51p.|btable
4901 |aCanadian Science Advisory Secretariat proceedings series|x1701-1280|v2006/048
590 |a11-31-Supp|b2011-12-13
7201 |aCairns, David
7201 |aCasselman, John
792 |tTroisième réunion du Groupe canadien de travail scientifique sur l'anguille : |efre|w(CaOODSP)9.588028
830#0|aProceedings series (Canadian Science Advisory Secretariat)|x1701-1280|v2006/048|w(CaOODSP)9.500507
85640|ahttp://publications.gc.ca|qPDF|s352 KB|uhttps://publications.gc.ca/collections/collection_2011/mpo-dfo/Fs70-4-2006-048.pdf|y2006/048